LIBRARY & INFORMATION CENTRE, KCAET, TAVANUR

ONLINE PUBLIC ACCESS CATALOGUE (OPAC)

Agriculture and Water Management (Record no. 14684)

MARC details
000 -LEADER
fixed length control field 00291nam a22001217a 4500
020 ## - INTERNATIONAL STANDARD BOOK NUMBER
ISBN 9789382226772
082 ## - DEWEY DECIMAL CLASSIFICATION NUMBER
Classification number 627.02
Item number ALE/AG
100 ## - MAIN ENTRY--AUTHOR NAME
Personal name Alille,Alexandra
245 ## - TITLE STATEMENT
Title Agriculture and Water Management
260 ## - PUBLICATION, DISTRIBUTION, ETC. (IMPRINT)
Place of publication New Delhi
Name of publisher Random Exports
Year of publication 2013
300 ## - PHYSICAL DESCRIPTION
Number of Pages 320
942 ## - ADDED ENTRY ELEMENTS (KOHA)
Koha item type Books
Holdings
Withdrawn status Lost status Damaged status Collection code Home library Current library Shelving location Date acquired Source of acquisition Cost, normal purchase price Full call number Accession Number Koha item type
        KAUAET KAUAET General Stacks 27/07/2016 Professional Books Cochin 1495.00 627.02 ALE/AG 24239 Books
free website counter